Online
Catalog

Principios de bioseguridad en laboratorios de salud / (Record no. 45067)

MARC details
000 -CABECERA
campo de control de longitud fija 00985nam a2200241 a 4500
001 - NÚMERO DE CONTROL
campo de control 000045578
005 - FECHA Y HORA DE LA ÚLTIMA TRANSACCIÓN
campo de control 20201002052327.0
008 - DATOS DE LONGITUD FIJA--INFORMACIÓN GENERAL
campo de control de longitud fija 150415s1989 dr a 000 0 spa d
040 ## - FUENTE DE LA CATALOGACIÓN
Centro catalogador/agencia de origen DO-SdBNP
Lengua de catalogación spa
Centro/agencia transcriptor BNPHU
082 ## - NÚMERO DE LA CLASIFICACIÓN DECIMAL DEWEY
Número de clasificación xxxx
Número de documento/Ítem xxxx
100 1# - ENTRADA PRINCIPAL--NOMBRE DE PERSONA
Nombre de persona Betánces de Holguín, Nelly
9 (RLIN) 73642
245 10 - MENCIÓN DE TÍTULO
Título Principios de bioseguridad en laboratorios de salud /
Mención de responsabilidad, etc. Nelly Betánces de Holguín, Griselda Andújar de Báez, Odette García-Peguero.
260 ## - PUBLICACIÓN, DISTRIBUCIÓN, ETC.
Lugar de publicación, distribución, etc. Santo Domingo :
Nombre del editor, distribuidor, etc. Universitaria UASD,
Fecha de publicación, distribución, etc. 1989.
300 ## - DESCRIPCIÓN FÍSICA
Extensión 77 P.
490 1# - MENCIÓN DE SERIE
Mención de serie Normatización y Salud
Designación de volumen o secuencia 2
490 1# - MENCIÓN DE SERIE
Mención de serie Publicaciones de la Universidad Autónoma de Santo Domingo
Designación de volumen o secuencia 612
500 ## - NOTA GENERAL
Nota general Perteneció a la biblioteca personal de Erick Landestoy.
504 ## - NOTA DE BIBLIOGRAFÍA, ETC.
Nota de bibliografía, etc. Bibliografía : p. 77
700 12 - PUNTO DE ACCESO ADICIONAL--NOMBRE DE PERSONA
Nombre de persona Andújar de Báez, Griselda
9 (RLIN) 31609
700 12 - PUNTO DE ACCESO ADICIONAL--NOMBRE DE PERSONA
Nombre de persona García Peguero, Blanca Odette
9 (RLIN) 55987
830 #0 - PUNTO DE ACCESO ADICIONAL DE SERIE-TÍTULO UNIFORME
Título uniforme Publicaciones de la Universidad Autónoma de Santo Domingo.
Número de parte o sección de la obra 612
9 (RLIN) 73643
830 #0 - PUNTO DE ACCESO ADICIONAL DE SERIE-TÍTULO UNIFORME
Título uniforme Normatización y Salud.
Número de parte o sección de la obra 2
9 (RLIN) 73644
Holdings
Estado de retiro Estado de pérdida No para préstamo Código de colección Localización permanente Ubicación/localización actual Ubicación en estantería Fecha de adquisición Número de inventario Total de préstamos Signatura topográfica completa Código de barras Fecha visto por última vez Precio válido a partir de Tipo de ítem Koha Nota pública
    Excluido de préstamo Patrimonio Dominicano Patrimonio Dominicano Patrimonio Dominicano En catalogación 15.04.2015 LF1   xxxx xxxx 45578-10 25.06.2020 25.06.2020 Libro y Folleto Colección Patrimonio Dominicano Perteneció a la biblioteca personal de Erick Landestoy.

Powered by Koha